Dubai dreams (Record no. 146179)
[ view plain ]
| 000 -LEADER | |
|---|---|
| fixed length control field | 01143nam a2200289 a 4500 |
| 100 1# - MAIN ENTRY--AUTHOR NAME | |
| Personal name | Barrett, Raymond. |
| 245 10 - TITLE STATEMENT | |
| Title | Dubai dreams |
| 260 ## - PUBLICATION, DISTRIBUTION, ETC. (IMPRINT) | |
| Place of publication | London : |
| Name of publisher | Nicholas Brealey Pub., |
| Year of publication | 2010. |
| 300 ## - PHYSICAL DESCRIPTION | |
| Number of Pages | 232 p. |
| 856 40 - ELECTRONIC LOCATION AND ACCESS | |
| Uniform Resource Identifier | http://site.ebrary.com/lib/rucke/Doc?id=10430706 |
No items available.
